Olympiavoittajat samalla etu- ja sukunimen alkukirjaimella - Statistics

Yleistilastot
  • Tätä visaa on pelattu 9 kertaa
  • Keskiarvotulos 5 / 14
Vastaustilastot
Hint Vastaus % Oikein
Sylvi Saimo Melonta, 1952, Helsinki
86%
Kaarlo Kangasniemi Painonnosto, 1968, Mexico
71%
Jyrki Järvi Purjehdus, 2000, Sydney
71%
Marjo Matikainen Hiihto, 1988, Calgary
57%
Mika Myllylä Hiihto, 1998, Nagano
57%
Werner Weckman Paini, 1908, Lontoo
43%
Eugen Ekman Telinevoimistelu, 1960, Rooma
43%
Sten Suvio Nyrkkeily, 1936, Berliini
29%
Kaarlo Koskelo Paini, 1912, Tukholma
29%
Klaus Karppinen Hiihto, 1936, Garmisch-Partenkirchen
14%
Vilho "Lenni" Viitala Paini, 1948, Lontoo
14%
Sulo Salmi Telinevoimistelu, 1948, Lontoo
14%
Heikki Hasu Yhdistetty, 1948, St. Moritz
14%
Lauri Lehtinen Juoksu, 1932, Los Angeles
0%
Ehtoja vastaavia visoja ei löytynyt
Tulosjakauma
Jokaisen tuloksen saaneiden osuus
Persentiili vastausten määrän mukaan
Tuloshistoriasi
Et ole pelannut tätä visaa